| 000 | 00758nam a2200241 4500 | ||
|---|---|---|---|
| 003 | OSt | ||
| 005 | 20240731075954.0 | ||
| 006 | a | ||
| 008 | 240731b |||||||| |||| 00| 0 eng d | ||
| 020 | _a9780071472548 | ||
| 040 |
_aDWCL-Main lib. _cOC |
||
| 082 | _aCirc. 658.840951 L213c 2007 | ||
| 100 | _aLam, N.Mark | ||
| 245 | _aChina now : doing business in the world’s most dynamic market / | ||
| 260 |
_aN.Y. : _bMcGraw-Hill, _cc2007. |
||
| 300 |
_axi, _b385 p. : ill. : _c24 cm. |
||
| 504 | _aIncludes index. | ||
| 650 | _a1. Negotiation in business-United States. | ||
| 650 | _a2. Intercultural communication. | ||
| 650 | _a3. United States-commerce-China. | ||
| 650 | _a4. China-Commerce-United States. | ||
| 942 |
_2ddc _n0 _cBK-CIRC _kCirc. |
||
| 999 |
_c3055 _d3055 |
||